Регионална библиотека "Любен Каравелов" - Русе

Из речника на вятъра : сърдечен юг (Запис номер 426206)

MARC детайли
000 -Лидер
Контролно поле с фиксирана дължина 00979nam a2200241 a 4500
003 - Код на организацията, давaща контролен номер
Контролно поле BLK
005 - Дата и час на последна редакция
Контролно поле 20250528130245.0
008 - Елементи от данни с фиксирана дължина
fixed length control field 210730b bu |||||r|||| 00| | bu d
020 ## - Международен стандартен номер на книга ISBN
Международен стандартен номер на книга ISBN 9786192300609
040 ## - Източник на каталожния запис
Идентификатор на билиотеката - собственик на записа BLK
041 ## - Код за език
Код за езика на текст/звукозапис или на отделно заглавие Български
Код за езика КДБФ Български
080 ## - УДК
Текстов определител УДК Българска литература
УДК код - определител по УДК 821.163.2
УДК определител -1
УДК - код + определител 821.163.2-1
100 ## - Редна дума - Автор
R(LIN) 1299
Автор Баръмова, Виктория Константинова
Авторска отговорност първи автор
139 ## - Редно поле
Редна дума Баръмова, Виктория Константинова
Авторски знак Бару - Б 27
245 ## - Сведения за заглавието
Заглавие Из речника на вятъра : сърдечен юг
Редно поле (дума) Виктория Баръмова
260 ## - Област на издателските данни
9 (RLIN) 220362
Място на издаване, разпространение и проч. София
Име на издателя, разпространителя и проч. Фабрика за книги
Година на издаване 2018
Информация за издателството импринт на БГкнига
Печатница София : Дайрект сървисиз
Издателство - префикс ISBN 978-619-230- ; 978-619-7198-
300 ## - Физическа характеристика
Страници 72 с.
Илюстрации и др. с ил.
Размери/Мащаб 20 см
380 ## - Жанр
Жанр Худож. лит.
852 ## - Местоположение
Форматна сигнатура Цб 308665
942 ## - АРТИКУЛИ
Вид на библиотечния материал Книги
Скрит в OPAC Не
Периодичен библиозапис Да
944 ## - СЪЗДАВАНЕ И РЕДАКЦИЯ на ЗАПИСА
Създаване/Редакция Създаване
Дата на регистрацията/редакция 2021-07-30
Служител, извършил регистрацията/редакцията 30545
Статус, дата на статуса Нора Радева
999 ## - СИСТЕМНИ КОНТРОЛНИ НОМЕРА
Koha biblionumber 426206
Koha biblioitemnumber 426206
999 ## - СИСТЕМНИ КОНТРОЛНИ НОМЕРА
Koha biblioitemnumber 426206
Наличности
Код за отписване Код за изгубен артикул Източник на класификационната схема Код за повреда Коз за рестрикции Код за отдаване Артикулен № Име на библиотеката - собственик Име на библиотеката, в която се намира в момента Статус (Текущо местоположение) Дата на вписване в системата Местоположение - отдел Цена в лева Систематично азбучна сигнатура Баркод Цена в евро Служебен тип на артикула Инвентарен номер
  Не е изгубен Universal Decimal Classification Не е повреден само за читалня ползва се в читалня 846289 Регионална библиотека "Любен Каравелов" Русе Регионална библиотека "Любен Каравелов" Русе Хранилище 2021-08-03 Хранилище 4.00 Цб 308665 120000858871 2.05 Книги  
  Не е изгубен Universal Decimal Classification Не е повреден   заемане за дома 974384 Регионална библиотека "Любен Каравелов" Русе Регионална библиотека "Любен Каравелов" Русе Заемна - подръчен фонд 2025-06-04 Заемна - подръчен фонд 10.00 821.163.2-1/Б 27 В 120000919934 5.11 Книги 120000919934
Vip Innovations Ltd, Rousse, Bulgaria 2025